| 000 | 00760nam a2200229 a 4500 | ||
|---|---|---|---|
| 005 | 20060818091510.0 | ||
| 008 | 050907s2005 ii av 000 0 eng | ||
| 010 | _aENG-93254 | ||
| 020 | _c143.00 | ||
| 035 | _aEN-76787 | ||
| 037 | _bDBAD / PUB | ||
| 040 |
_adpl _bEnglish |
||
| 082 | _a530 | ||
| 100 | _aRegan Maria Sundar raj, F. | ||
| 245 |
_aPhysics through ages / _cby F. Regan Maria Sundar raj |
||
| 260 |
_aTrichy _bF. Regan Maria Sundar raj _c2007 |
||
| 300 |
_a139p.: _c20 cm (pbk) |
||
| 500 | _aIncludes references | ||
| 650 |
_aPhysics _xHistory. |
||
| 942 |
_2ddc _cEN _mSUN _h530 |
||
| 999 |
_c25385 _d25385 |
||